|
|
|
|
| LEADER |
01142nam a22003014a 4500 |
| 001 |
2531 |
| 003 |
BD-DhAAL |
| 005 |
20150215113642.0 |
| 008 |
150215s1999 ii a b 001 0 eng |
| 010 |
|
|
|a 99011087
|
| 020 |
|
|
|a 0761993371 (cloth)
|
| 020 |
|
|
|a 076199338X (pbk.)
|
| 040 |
|
|
|a DLC
|c DLC
|d DLC
|d BD-DhAAL
|
| 050 |
0 |
0 |
|a JS7011
|b .D46 1999
|
| 082 |
0 |
0 |
|a 320.954
|2 21
|
| 245 |
0 |
0 |
|a Decentralization and local politics /
|c edited by S.N. Jha and P.C. Mathur.
|
| 260 |
|
|
|a New Delhi ;
|b Thousand Oaks, Calif. :
|b Sage Publications,
|c c1999.
|
| 300 |
|
|
|a 327 p. :
|b ill. ;
|c 23 cm.
|
| 490 |
|
|
|a Readings in Indian government and politics ;
|v 2
|
| 504 |
|
|
|a Includes bibliographical references (p. [314]-315) and indexes.
|
| 541 |
|
|
|e 2531
|
| 650 |
|
0 |
|a Panchayat
|z India.
|9 8425
|
| 650 |
|
0 |
|a Decentralization in government
|z India.
|9 8426
|
| 700 |
1 |
|
|a Jha, Shree Nagesh.
|9 8427
|
| 700 |
1 |
|
|a Mathur, P. C.
|q (Prakash Chand),
|d 1940-
|9 8428
|
| 942 |
|
|
|2 ddc
|c BK
|
| 999 |
|
|
|c 33698
|d 33698
|
| 952 |
|
|
|0 0
|1 0
|2 ddc
|4 0
|6 320_954000000000000_DEC
|7 0
|9 52633
|a SCL
|b SCL
|c GEN
|d 2015-02-15
|l 1
|o 320.954 DEC
|p 3020002531
|r 2019-07-20
|s 2019-07-15
|t 1
|w 2015-02-15
|y BK
|